=LDR 00000nam 2200000 4500 =001 NUTBA000000000005027 =005 20141016142826.0 =006 =007 =008 =035 ##$$a 0010-101400000000257 =040 ##$$a NBPDMAT =090 ##$$a 551.1 $b Ris m =100 ##$$a Risman =245 ##$$a Mengenal bumi kita/ $c Drs. Risman; editor, Christina, MM =260 ##$$a Jakarta : $b Azka Press, $c 2008 =300 ##$$a iv, 76 hlm. : $b ilus. ; $c 23 cm. =650 ##$$a Bumi =700 ##$$a Christina, MM =850 ##$$a NBPDMAT =990 ##$$a 0001/BPAP-NTB/20142014